Biosfera i pedosfera - Statystyki

Ogólne statystyki
  • Ten quiz został rozwiązany 450 razy
  • Średni wynik to 8 z 20
Statystyki odpowiedzi
Pytanie: Odpowiedz: % Poprawnych
Nazywana jest sferą życia, obejmuje organizmy żywe na naszej planecie Biosfera
59%
Trawy, baobaby, akacje to roślinność dominująca na Sawannie
57%
Gleby występujące w klimacie subpolarnym Tundrowe
55%
Doliny rzek i delty rzek to obszary, w których występują Mady
51%
W obszarach górskich warunki klimatyczne i glebowe zmieniają się wraz ze wzrostem Wysokości
46%
Składa się z wody, powietrza, cząsteczek organicznych i mineralnych Gleba
44%
Proces rozkładu materii organicznej pod wpływem bakteri i grzybów to Humifikacja
43%
W procesie rozkładu materii organicznej pod wpływem bakterii i grzybów tworzy się Próchnica
43%
Gleby charakteryzujące się zależnością od klimatu i roślinności Strefowe
42%
Gleby arktyczne występują w klimacie Okołobiegunowym
41%
Charakterystyczny klimat dla gleb bielicowych Umiarkowany chłodny
41%
Stepy, lasy liściaste i mieszane występują na glebie Brunatnej
40%
Rzeźba terenu, skała macierzysta, roślinność i klimat to Czynniki glebotwórcze
36%
Proces związany z wymywaniem w głąb gleby części ilastych Płowienie
36%
Roślinność, która występuje w klimacie umiarkowanym chłodnym Tajga
34%
Klimat, w którym występują pustynie Zwrotnikowy suchy
33%
Gleba to najbardziej zewnętrzna warstwa Litosfery
31%
Między innymi lasy liściaste i mieszane, stepy, sawanny, pustynie, pustynie lodowe są Strefami roślinnymi
22%
Rozmieszczenie stref roślinnych zależy od Warunków klimatycznych
18%
Klimat, w którym występują gleby brązowe Śródziemnomorski
17%
Nie znaleziono quizów pasujących do podanych kryteriów
Rozkład punktacji
Procent ludzi z każdym wynikiem
Percentyl według liczby udzielonych odpowiedzi
Twoja historia wyników
Nie rozwiązałeś tego quizu